000 00378pam a2200157a 44500
008 230515b1986 xxu||||| |||| 00| 0 eng d
020 _aNULL
041 _aENGL
082 _a621.319 /MAG
100 _aMAGIDIN F.
245 _aCONSTRUCTION OF POWER TRANSMISSION LINES & SUBSTATIONS
250 _aN.D.
260 _aNULL
_bMIR P
_c1986
300 _a344 PB
650 _aNULL
999 _c620144
_d620144